Statistics for Flags of Countries in Euro 2020

Click here to take the quiz!

General Stats

  • This quiz has been taken 1,944 times
    (1,869 since last reset)
  • The average score is 22 of 24

Answer Stats

Answer% Correct
France
99%
Spain
96%
Italy
95%
Portugal
95%
Russia
94%
Sweden
94%
Croatia
93%
England
93%
Finland
93%
Turkey
93%
Belgium
92%
Denmark
92%
Germany
91%
Poland
91%
Switzerland
91%
Wales
91%
Austria
89%
Netherlands
87%
Ukraine
87%
Czech Republic
84%
Scotland
84%
North Macedonia
83%
Hungary
82%
Slovakia
82%

Score Distribution

Percentile by Number Answered

Percent of People with Each Score

Your Score History

You have not taken this quiz since the last reset